000 nam a22 7a 4500
999 _c9048
_d9048
008 180122b ||||| |||| 00| 0 eng d
100 _aChandra R
_95337
245 _aDrili excercise in maths
260 _aNew Delhi
_bArya Publication
_c2008